000 00651 a2200205 4500
005 20251125154356.0
008 251125b |||||||| |||| 00| 0 eng d
020 _a9788198236821 (hbk)
037 _cTB
040 _aCRL
_cCRL
041 _2eng
_aeng
084 _aP15-45 R5
_qCRL
100 _aKak, Subhash
_9847719
245 _aSaks language and sanskrit
260 _aNew Delhi, India:
_bAditya Prakashan,
_c2025.
300 _a123p.
365 _b995.00
_cINR
942 _cTB
_2CC
_n0
_hP15-45 R5
999 _c1464640
_d1464640